Loreto College Library, Kolkata
WEBOPAC (ONLINE PUBLIC ACCESS CATALOGUE)

Forces in modern French drama (Record no. 24397)

MARC details
000 -LEADER
fixed length control field 00614nam a2200193Ia 4500
008 - FIXED-LENGTH DATA ELEMENTS--GENERAL INFORMATION
fixed length control field 131103s9999 xx 000 0 und d
020 ## - ISBN | অাই এস বি এন
ISBN | অাই এস বি এন 0 340 11537 8
040 ## - CATALOGING SOURCE
Original cataloging agency Loreto College
041 ## - LANGUAGE CODE
Language code English
082 ## - DDC | ডিউই
Classification number | বর্গসংখ্যা 842/FLE
Book Number | গ্রন্থাঙ্ক LCLIB/20662
245 ## - TITLE STATEMENT | অাখ্যা বিবরণী
Title | অাখ্যা Forces in modern French drama
Sub title | উপঅাখ্যা Studies in variation on the permitted lie
Statement of responsibility | লেখকের দায়িত্বের বিবরণ Edited by John Fletcher
260 ## - IMPRINT | প্রকাশনা ক্ষেত্র
Place of publication | প্রকাশ স্থান London
Name of publisher | প্রকাশকের নাম University of London
Date of publication | প্রকাশ কাল 1972
300 ## - PHYSICAL DESCRIPTION |
Page / Vol. No | পৃষ্ঠা / খন্ড সংখ্যা 222p.
504 ## - BIBLIOGRAPHY, ETC. NOTE
Bibliography, etc Includes bibliographical references & index
650 ## - SUBJECT ADDED ENTRY--TOPICAL TERM | বিষয় শিরোনাম - মূল বিষয়
Topical term | মূল বিষয় French drama - criticism
700 ## - ADDED ENTRY--PERSONAL NAME | অতিরিক্ত সংলেখ - ব্
Personal name | ব্যাক্তিনাম Fletcher, John; ed.
850 ## - HOLDING INSTITUTION
Holding institution LCLIB/842/FLE
942 ## - ADDED ENTRY ELEMENTS (KOHA)
Koha item type Books
Holdings
Withdrawn status Lost status Damaged status Not for loan Home library Current library Date acquired Total Checkouts Full call number Accession No. Date last seen Price effective from Koha item type
        Loreto College Loreto College 04/11/2013   842/FLE LCLIB/20662 B27111 04/11/2013 04/11/2013 Books